书目信息 |
| 题名: |
列宁论民族殖民地问题的三篇文章
|
|
| 作者: | 列宁 著 ;中共中央马、恩、列、斯著作编译局 译 | |
| 分册: | ||
| 出版信息: | 北京 人民出版社 1966.01 |
|
| 页数: | 29页 | |
| 开本: | 21cm | |
| 丛书名: | ||
| 单 册: | ||
| 中图分类: | A221.1 | |
| 科图分类: | ||
| 主题词: | 列字著作--单行本--1899年前 | |
| 电子资源: | ||
| ISBN: | ||
| 000 | 00722nam0 2200205 45 | |
| 001 | 0181023515 | |
| 005 | 20060425090201.51 | |
| 010 | @dCNY0.12 | |
| 091 | @a1001.685 | |
| 100 | @a20810111d km y0chiy0120 ea | |
| 101 | 0 | @achi@crus |
| 200 | 1 | @a列宁论民族殖民地问题的三篇文章@ALIE NING LUN MIN ZU ZHI MIN DI WEN TI DE SAN PIAN WEN ZHANG@f列宁著@FLie Ning Zhu@g中共中央马、恩、列、斯著作编译局译 |
| 210 | @a北京@c人民出版社@d1966.01 | |
| 215 | @a29页@d21cm | |
| 606 | 0 | @a列字著作@x单行本@x1899年前 |
| 690 | @aA221.1@v3 | |
| 701 | 0 | @a列宁@4著 |
| 712 | 02 | @a中共中央马、恩、列、斯著作编译局@AZhong Gong Zhong Yang Ma、En、Lie、Si Zhu Zuo Bian Yi Ju@4译 |
| 801 | @aCN@bTSTC@c20060425 | |
| 905 | @dA221.1@e9:9800@f1@b65521 | |
| 列宁论民族殖民地问题的三篇文章/列宁著/中共中央马、恩、列、斯著作编译局译.-北京:人民出版社,1966.01 |
| 29页;21cm |
| ISBN :CNY0.12 |
| ● |
| 相关链接 |
|
|
|
|
正题名:列宁论民族殖民地问题的三篇文章
索取号:A221.1/9:9800
 
预约/预借
| 序号 | 登录号 | 条形码 | 馆藏地/架位号 | 状态 | 备注 |
| 1 | 0065512 | 202262540 | 密集书库/ [索取号:A221.1/9:9800] | 在馆 | |
| 2 | 0065513 | 000952106 | 第一借阅区/ [索取号:A221.1/9:9800] | 在馆 | |
| 3 | 0065514 | 001832725 | 密集书库/ [索取号:A221.1/9:9800] | 在馆 | |
| 4 | 0065515 | 000951964 | 第一借阅区/ [索取号:A221.1/9:9800] | 在馆 | |
| 5 | 0065516 | 000952071 | 第一借阅区/ [索取号:A221.1/9:9800] | 在馆 | |
| 6 | 0065517 | 000952115 | 第一借阅区/ [索取号:A221.1/9:9800] | 在馆 | |
| 7 | 0065518 | 000951928 | 第一借阅区/ [索取号:A221.1/9:9800] | 在馆 | |
| 8 | 0065519 | 000951884 | 第一借阅区/ [索取号:A221.1/9:9800] | 在馆 | |
| 9 | 0065520 | 000952142 | 第一借阅区/ [索取号:A221.1/9:9800] | 在馆 | |
| 10 | 0065521 | 000952151 | 第一样本阅览室/ [索取号:A221.1/9:9800] | 在馆 |